International commercial arbitration in Sweden / (Record no. 10298)

MARC details
000 -LEADER
fixed length control field 00671nam a22002172 4500
001 - CONTROL NUMBER
control field 0000024477
005 - DATE AND TIME OF LATEST TRANSACTION
control field 20151217152302.0
008 - FIXED-LENGTH DATA ELEMENTS--GENERAL INFORMATION
fixed length control field 131218s xx 000 0 eng d
020 ## - INTERNATIONAL STANDARD BOOK NUMBER
International Standard Book Number 0199218523 :
040 ## - CATALOGING SOURCE
Original cataloging agency KABU
Transcribing agency KABU
100 1# - MAIN ENTRY--PERSONAL NAME
Personal name Hober, Kaj.
-- 0000184645
245 10 - TITLE STATEMENT
Title International commercial arbitration in Sweden /
Statement of responsibility, etc. Kaj Hober.
250 ## - EDITION STATEMENT
Edition statement 1st ed.
260 ## - PUBLICATION, DISTRIBUTION, ETC. (IMPRINT)
Place of publication, distribution, etc. Oxford :
Name of publisher, distributor, etc. O. U. P.,
Date of publication, distribution, etc. 2011.
300 ## - PHYSICAL DESCRIPTION
Extent xxix, 479 p.
650 #0 - SUBJECT ADDED ENTRY--TOPICAL TERM
Topical term or geographic name as entry element Arbitration and award
Geographic subdivision Sweden.
-- 0000184646
650 #0 - SUBJECT ADDED ENTRY--TOPICAL TERM
Topical term or geographic name as entry element Arbitration and award, International.
-- 0000158689
852 1# - LOCATION
-- p20925 KES
908 ## - PUT COMMAND PARAMETER (RLIN)
Put command parameter 131218
950 ## - LOCAL HOLDINGS (RLIN)
-- 1
Holdings
Withdrawn status Lost status Source of classification or shelving scheme Not for loan Home library Current library Date acquired Total Checkouts Full call number Barcode Date last seen Price effective from Koha item type
    Library of Congress Classification   Kabarak, Main Campus Kabarak, Main Campus 17/12/2015   KKV1829 .H63 2011 c. 1 016233 17/12/2015 17/12/2015 General Collection
Designed with assistance from East African Informatics Ltd